On the waterfront (Record no. 118020)

MARC details
000 -LEADER
fixed length control field 01171cam a2200265 4500
001 - CONTROL NUMBER
control field ABS68227
008 - FIXED-LENGTH DATA ELEMENTS--GENERAL INFORMATION
fixed length control field 040920n2004 000 0 eng u
035 ## - SYSTEM CONTROL NUMBER
System control number (Sirsi) u127462
100 ## - MAIN ENTRY--PERSONAL NAME
Personal name Dobie, A.
245 ## - TITLE STATEMENT
Title On the waterfront
260 ## - PUBLICATION, DISTRIBUTION, ETC.
Date of publication, distribution, etc. 2004
490 ## - SERIES STATEMENT
Series statement RICS Business
Volume/sequential designation September 2004, 16-18(3)
520 ## - SUMMARY, ETC.
Summary, etc. Gives a detailed account of how surveyors have marketed the available space at the new landmark More London scheme, overlooking London's Tower Bridge, the first completed building of which was City Hall, occupied in June 2002. The completed scheme will include 200 000 m2 of office space, a 225 room hotel, a children's theatre, shops, restaurants and bars. £35m has been spent to date on infrastructure including public spaces and landscaping. Third in a series of three articles on the construction life cycle (see also Abs67895 and Abs67996).
590 ## - LOCAL NOTE (RLIN)
Local note ABS
590 ## - LOCAL NOTE (RLIN)
Local note ABS
650 ## - SUBJECT ADDED ENTRY--TOPICAL TERM
Topical term or geographic name entry element PRE-LETS
650 ## - SUBJECT ADDED ENTRY--TOPICAL TERM
Topical term or geographic name entry element SOUTH BANK OF LONDON
650 ## - SUBJECT ADDED ENTRY--TOPICAL TERM
Topical term or geographic name entry element MARKETING
650 ## - SUBJECT ADDED ENTRY--TOPICAL TERM
Topical term or geographic name entry element MIXED-USE DEVELOPMENTS
650 ## - SUBJECT ADDED ENTRY--TOPICAL TERM
Topical term or geographic name entry element MORE LONDON
650 ## - SUBJECT ADDED ENTRY--TOPICAL TERM
Topical term or geographic name entry element TOWER BRIDGE
650 ## - SUBJECT ADDED ENTRY--TOPICAL TERM
Topical term or geographic name entry element LONDON
690 ## - LOCAL SUBJECT ADDED ENTRY--TOPICAL TERM (OCLC, RLIN)
Topical term or geographic name as entry element COMMERCIAL PROPERTY-MARKET
942 ## - ADDED ENTRY ELEMENTS (KOHA)
Suppress in OPAC 0
Holdings
Withdrawn status Lost status Source of classification or shelving scheme Damaged status Not for loan Home library Current library Shelving location Date acquired Total Checkouts Full call number Barcode Date last seen Copy number Price effective from Koha item type
    Dewey Decimal Classification     London London Journal article 20/09/2004   ABS68227 127462-1001 06/08/2019 1 06/08/2019 Journal article